MDQL
is popping MORE tags! Check the
thread
!
Quizzes
Events
Quiz Creation
Community
Videos
Private Events
Remove Ads
Sign In
Join for FREE
Feedback
Dark Mode
Quiz Categories
Sports
Geography
Music
Movies
Television
Just For Fun
Miscellaneous
History
Literature
Language
Science
Gaming
Entertainment
Religion
Holiday
For Kids
Quiz Lab
Recent
Popular Today
Quiz Kudos Today
Editor Picks
Curator Picks
Quizzes by...
Day
Popularity
Type
Ratings
Length
Year
Community
Subscriptions
Recent Discussions
Orange Saloon
Badges
Playlists
Quests
Create
Leaderboards
Showdown
Live 5
Trivia Bingo
Activity
Puzzle Library
Sporcle Events
Private Events
Virtual Trivia
Globe League
Become a Host
Pub Owners
SporcleCon
Opinionation
Our Games
Videos
Blog
Mobile Apps
Partnerships
Remove Ads and Go Orange
Feedback
Miscellaneous
Crossword
General Knowledge
Baby Names
Logo
Food
Cars
Numbers
Grab Bag
University
College
Popular
Company
Slogans
Restaurants
Justice
Letter
Miscellaneous
Crossword
General Knowledge
Baby Names
Logo
Food
Cars
Numbers
Grab Bag
University
College
Popular
Company
Slogans
Restaurants
Justice
Letter
Random Quiz
Search Sporcle
×
Quiz Lab
Quiz Lab
Miscellaneous
Car Manufacturers
Type in answers that appear in a list
Type in answers that appear in a list
Classic
Best Score? Go Orange.
Car Make by Model Stats
Can you name the Car Make by Model?
By
JedrooFancyfeast
10m
30 Questions
214 Plays
214 Plays
214 Plays
Comments
Comments
Give Quiz Kudos
Give Quiz Kudos
-
- Ratings
hide this ad
Replay
Link that replays current quiz
Next Quiz
Link to next quiz in quiz playlist
You Got
0%
They Got
Avg Score
68%
Avg Friend Score
Upgrade to see
Score Distribution
Jump to the score distribution portion of the page
Score
0/30
Timer
10:00
0
Plays Today
Model
Make
% Correct
Focus RS
Ford
99.1%
Ranchero
Ford
99.1%
Explorer
Ford
99.1%
Corvette
Chevrolet
91.1%
Challenger
Dodge
90.6%
Celica GT-
4
Toyota
89.7%
Rio
Kia
89.2%
M1
BMW
89.2%
Fit
Honda
85.4%
944
Porsche
85%
MX-
5
Mazda
82.2%
XJS
Jaguar
75.1%
XKR
Jaguar
75.1%
Frontier
Nissan
74.6%
Renegade
Jeep
73.7%
Model
Make
% Correct
Scirocco
Volkswagen
71%
CTS-
V
Cadillac
70%
RSX
Acura
68.1%
Regal
Buick
67.5%
Sebring
Chrysler
63.9%
Fiero
Pontiac
62%
SVX
Subaru
59.6%
X1/
9
Fiat
53.5%
5 Turbo
Renault
53.3%
Syclone
GMC
50.9%
Tc
Scion
50.7%
Starion
Mitsubishi
49.1%
X-
Bow
KTM
46.5%
Talon
Eagle
42.6%
Speedster
Opel
39.6%
Quiz Playlist
Details
Report
Send in Message
Add To Playlist
Classic:
Type in answers that appear in a list
Last Updated: Apr 5, 2018
Quiz Scoreboard
CHALLENGE
Sign Up to Join the Scoreboard
Show All
Scores
Hide
Comments
May contain spoilers
Recently Published
Street Fighter Characters
by Artimus82
Gaming
60s
9x9 Crossword: Cartoon Network
by jackfrog10
Miscellaneous
3m
College Basketball Coaching Resumes
by pancakes188
Sports
9m
More to Explore
Quiz From the Vault
Featured Blog Post
Where Did the Easter Bunny Come From?
hide this ad
You Might Also Like...
Tags
car
Car Brands
Car Companies
Car Makers
Car Makes
Car Manufacturers
Car Models
Chevy Cars
Dodge Cars
Sports Cars
Today's Top Quizzes in Miscellaneous
Browse Miscellaneous
hide this ad
Today's Top Quizzes in Car Manufacturers
Browse Car Manufacturers
Top Contributed Quizzes in Miscellaneous
1
5-to-1: Fast Food
2
The JOE quick-fire general knowledge quiz: Day 174
3
The JOE quick-fire general knowledge quiz: Day 173
4
5-to-1: Cocktails
5
The JOE quick-fire general knowledge quiz: Day 172
6
9x9 Crossword: Disney Movie Titles
7
Sunday Crossword: Famous Bodies of Water
8
9x9 Crossword: Charlie and the Chocolate Factory
9
The JOE quick-fire general knowledge quiz: Day 171
10
One Thing in Common: United Kingdom II
Explore More
Trending Topics
Crossword
Anime
NBA
Kpop
Harry Potter
Marvel
Disney
Pokémon
Country
Puzzle
Soccer
WWE
The Office
Song
NFL
hide this ad
More By:
JedrooFancyfeast
Quiz
Plays
Rating
Category
Featured
Created
Car Make by Model
214
5.00
Miscellaneous
Jan 31, 2018
American Dirt Track Racecars
148
Sports
Feb 13, 2018
United States Naval Warships
135
Miscellaneous
Feb 15, 2018
Largest US Lakes
103
2.00
Geography
Jan 29, 2018
GM Owned Car Companies
90
Miscellaneous
Feb 9, 2018
Go to Creator's Profile
Score Distribution
Quiz Creator Spotlight
JedrooFancyfeast
Follow
Send a Message
Quizzes Created
-
Created Quiz Play Count
-
More By This Creator
Popular Quizzes Today
1
Find the US States - No Outlines Minefield
2
Find the Countries of Europe - No Outlines Minefield
3
The Countries of the World
4
Find the US States
5
Risky Map Clicking: Biggest States A-Z
6
US States
7
Popular People in 1961
8
Movies - When Are They Set?
More Miscellaneous Quizzes
Sunday Crossword: Push & Shove
Published
Trending Quizzes
Risky Map Clicking: Least Populous States A-Z
Countries of the World: 200 Million BC
1-10 Letter G Words
Risky Map Clicking: Next State Alphabetically
Adjectives in 80s TV Shows
Recently Updated
Leaping Animals
pecheneg
Reality TV Shows (A-Z)
bhenderson79
Rickey Henderson's Hall of Fame Teammates
pecheneg
Champions League XIs: Arsenal
pecheneg
Quick Pick: Celebrities in WWE's Hall of Fame
aduchscher
A-Z Keypad Blitz II
pecheneg
Multiple Oscar Actors
pecheneg
Mystery Phrase Blitz: Oscar 'Best Actors'
pecheneg
F. Scott Fitzgerald Novels
LTH
Pick 3 Villains
ddd62291
Trending Topics
Crossword
Kpop
Anime
Harry Potter
Disney
NBA
Marvel
NFL
The Office
Soccer
Puzzle
WWE
Song
Country
Pokémon
Your Account Isn't Verified!
In order to create a playlist on Sporcle, you need to verify the email address you used during registration. Go to your
Sporcle Settings
to finish the process.
Report this User
Report this user for behavior that violates our
Community Guidelines
.
Details:
Send Report
Go to the Sporcle.com Mobile Site →
Comments